Tebe slovenská spieva krajina... : (Bohoslužba slova na mariánske sviatky a iné príležitosti). /

Uložené v:
Podrobná bibliografia
Hlavný autor: Job, Pavol (Author)
Médium: Kniha
Jazyk:Slovak
Vydané: Trnava : Kon-Press Trnava, vydavateľstvo, 1993
Vydanie:1. vyd.
Témy:
ISBN: 8085413167 (viaz.)
Fyzický popis: 323 s.
Tagy: Pridať tag
Žiadne tagy, Buďte prvý kto otaguje tento záznam!

MARC

LEADER 00000nam a2200000 a 4500
001 000072549
003 SVKK
005 20010430000000.0
008 001005s1993 xo e sloo
020 |a 8085413167 (viaz.) 
040 |a SVKKK  |b slo  |c SVKKK  |e AACR2 
041 0 |a slo 
044 |a xo  |c SK 
080 |a 264:323.93  |2 1997 
100 1 |a Job, Pavol  |4 aut 
245 1 0 |a Tebe slovenská spieva krajina... :  |b (Bohoslužba slova na mariánske sviatky a iné príležitosti). /  |c Pavol Job 
250 |a 1. vyd. 
260 |a Trnava :  |b Kon-Press Trnava, vydavateľstvo,  |c 1993 
300 |a 323 s. 
653 0 |a bohoslužby  |2 SVKKKPH 
653 0 |a sviatky mariánske  |2 SVKKKPH 
653 0 |a predlohy  |2 SVKKKPH 
655 7 |a monografie  |2 SVKKKPH 
910 |a svkkk 
919 |a 80-85413-16-7 
974 |a UH  |d 20001005 
974 |a PA  |d 20001005 
974 |a PA  |d 20010430 
998 |a BK 
090 |g SCKHL  |k Sklad Pribinova 2. posch.  |a III.161001  |j 866230  |i 2720579005  |s Absenčne